000 00541nam a2200181Ia 4500
008 090122s9999 xx 000 0 und d
082 _b14007
_a891.468
100 _aतांबोळी
_bलक्ष्मीकांत
245 _aझिरपा
260 _bअनघा
_c2008
300 _a117
501 _a028 - 26/12/2008 अनघा प्रकाशन ठाणे
600 _aतांबोळी
630 _aझिरपा
700 _aतांबोळी
730 _aझिरपा
942 _cBOOK
999 _c38084
_d38084